000 01579nam a22003977a 4500
001 000066473
003 CHAP
005 20220329141222.0
008 971010s1979 r 00010 d
010 _a64580
011 _a65552
035 _a72503
040 _cCHAP
082 0 4 _a636.085
_bS6
100 0 0 _aSosa de Pro, Esther.
_9108798
245 1 0 _aManual de procedimientos analíticos para alimentos de consumo animal.
260 _aChapingo, Méx. :
_bUACH. Departamento de Zootecnia,
_c1979.
300 _a115 p.
590 _aBATCH-UPD
_b10
_c20130110
_lUCH01
_h0823
590 _aBATCH-UPD
_b10
_c20130410
_lUCH01
_h0501
590 _aCONVERSION
_b10
_c20130109
_lUCH01
_h1335
590 _aE5995AHE
_b05
_c20150326
_lUCH01
_h1343
650 1 4 _aAlimentos y alimentacion del ganado
_xAnalisis.
_94327
901 _aBK
942 _cLIBRO
942 _n0
949 _a636.085 S6
_bBC
_cLIBRO
_d33724000224887
_eLIBRO
_h46550
_i72503
_si
949 _a636.085 S6
_bBC
_cLIBRO
_d33724000225215
_eLIBRO
_fc.8
_h56982
_i72503
_si
949 _a636.085 S6
_bBC
_cLIBRO
_d33724000274783
_eLIBRO
_fc.3
_h48249
_i72503
_si
949 _a636.085 S6
_bBC
_cLIBRO
_d33724000274791
_eLIBRO
_fc.7
_h48253
_i72503
_si
949 _a636.085 S6
_bBC
_cLIBRO
_d33724000274817
_eLIBRO
_fc.6
_h48252
_i72503
_si
949 _a636.085 S6
_bBC
_cLIBRO
_d33724000572350
_eLIBRO
_fc.5
_h48251
_i72503
_si
949 _a636.085 S6
_bBC
_cLIBRO
_d33724000921276
_eLIBRO
_fc.4
_h48250
_i72503
_si
949 _a636.085 S6
_bBC
_cUACH
_d-137380
_eUACH
_fc.2
_h46551
_i72503
_si
949 _a636.085 S6
_bZA
_cLIBRO
_d-5210
_eLIBRO
_h5079
_i72503
_si
999 _c64580
_d64580